| 000 | 01274nam a2200337 a 4500 | ||
|---|---|---|---|
| 001 | 000111025 | ||
| 003 | CHAP | ||
| 005 | 20220329144155.0 | ||
| 008 | 141125s2014 mx a |sm |||||||spa d | ||
| 010 | _a107487 | ||
| 011 | _a108459 | ||
| 040 | _cCHAP | ||
| 090 | _aTesis | ||
| 100 | 1 |
_aMora Cabrera, Eloisa Amparo _9128671 |
|
| 245 | 1 | 3 |
_aLa lucha ecosocial contra la minería en la montaña de Guerrero: defendiendo el territorio en tiempos de despojo _h[En línea] _cpor Eloisa Amparo Mora Cabrera. |
| 260 |
_aChapingo, Méx. : _bEl autor, _c2014. |
||
| 500 | _aPara ver el contenido del material haga clic en la liga | ||
| 502 | _aTesis (M.C. en Sociología Rural) -- UACH. Departamento de Sociología Rural | ||
| 590 |
_aE11695DGD _b10 _c20141125 _lUCH01 _h1326 |
||
| 590 |
_aE11695DGD _b10 _c20141125 _lUCH01 _h1326 |
||
| 590 |
_aE5652GLJ _b05 _c20141125 _lUCH01 _h1237 |
||
| 590 |
_aE5652GLJ _b05 _c20141125 _lUCH01 _h1237 |
||
| 650 | 1 | 4 |
_aConflictos sociales _zGuerrero. _9128813 |
| 650 | 1 | 4 |
_aLuchas sociales. _968873 |
| 650 | 1 | 4 |
_aMinas y recursos minerales _xGuerrero. _975912 |
| 650 | 1 | 4 |
_aTerritorios _xAspectos sociales. _9124651 |
| 856 |
_aFinding aid _uhttp://10.13.5.2/tesis/sist111025.pdf _zTeclea aquí |
||
| 901 | _aBK | ||
| 942 | _cTESIS | ||
| 942 | _n0 | ||
| 999 |
_c107487 _d107487 |
||